00538nam a2200181 a 45000010010000000030011000100080041000210350026000620820018000881000023001062450028001292600047001576500015002049420012002199520090002319980020003219990015003410000-8602ELIB.Books110520 1916  a(ELIB.Books)0000-8748 a252.058 bJow aJowett, John Henry aThe Whole Armous of God bNew York: Fleming H. Revell Company c1916 aHomiletics 2ddccBK 00102ddc4070aKBTSbKBTSd2011-05-20l0p4490r2022-01-22 00:00:00w2022-01-22yBK cbate2011-05-20 c8602d8602